000 00491nam a2200169Ia 4500
003 IN-BaIIA
008 211028s9999 xx 000 0 eng d
040 _cIIA Library
080 _a53(03)
_bENC-XIII
245 0 _aEncyclopedia of physics
_bvol. XIII
_cedited by S.Flugee
260 _aBerlin
_bSpringer-Verlag
_c1962
300 _a679p.
650 _aNASA Thesaurus
650 _aPhysics-Encyclopedia
700 _aFlugee, S., ed.
942 _cBK
999 _c2077
_d2077